In die Ecke gesprochen = Řečeno do kouta /

Hlavní autor: Voda Eschgfäller, Sabine, 1976-
Jazyk: Němčina
Čeština
Vydáno: Olomouc : Burian a Tichák, 2005
Vydání: Vyd. 1.
Edice: Knihovna Listů. Poezie
Témata:
Fyzický popis: 63 s. ; 21 cm
Language note: Souběžný český text
Knihy
Uloženo v:
LEADER 01450nam a2200421 a 4500
001 nkc20051634065
003 CZ PrNK
005 20070601090513.0
007 ta
008 051207s2005 xr g 000 p ger
015 |a cnb001634065 
020 |a 80-903687-0-0  |q (brož.) :  |c Kč 95,00 
035 |a (OCoLC)83978541 
040 |a OLA001  |b cze  |d ABA001 
041 1 |a ger  |a cze  |h ger 
072 7 |a 821.112.2-1  |x Německá poezie, německy psaná  |2 Konspekt  |9 25 
080 |a 821.112.2-1  |2 MRF 
080 |a (0:82-1)  |2 MRF 
080 |a (0.027)=030  |2 MRF 
100 1 |a Voda Eschgfäller, Sabine,  |d 1976-  |7 js20051212002  |4 aut 
245 1 0 |a In die Ecke gesprochen =  |b Řečeno do kouta /  |c Sabine Eschgfällerová ; [vybrali a přeložili Sabine Eschgfällerová a David Voda] 
246 3 1 |a Řečeno do kouta 
250 |a Vyd. 1. 
260 |a Olomouc :  |b Burian a Tichák,  |c 2005 
300 |a 63 s. ;  |c 21 cm 
490 1 |a Knihovna Listů ;  |v 1.  |a Poezie 
500 |a 500 výt. 
546 |a Souběžný český text 
655 7 |a německy psaná poezie  |7 fd132931  |2 czenas 
655 7 |a dvojjazyčná vydání  |7 fd194533  |2 czenas 
655 9 |a poetry in German  |2 eczenas 
655 9 |a bilingual editions  |2 eczenas 
830 0 |a Knihovna Listů.  |p Poezie  |0 s 
910 2 |a BOA001  |b 2-1161.673 
990 |a BK 
995 |a 01 
991 |b 200601 
996 6 |b 2610267562  |c 2-1161.673  |l MZK  |r Sklad / do 1 hodiny  |n 1  |p p.v.  |w 000803403  |u 000010  |a 1  |e BOA001  |j MZK50  |s P